00225nam a2200085Ia 4500001000800000005001700008008004100025245003200066260004100098125138620251031150914.0251031s9999 xx 000 0 und d 0cLAURA OWENaS-2 YARAMAZ ATI bTÜRKİYE İŞ BANKASI YAYINLARI